000 00598cam a22002173 4500
001 19695
003 BD-RjUL
005 20211209000450.0
008 140225r19661909xx 000 0 eng d
035 _a(BD-RjUL)19776
035 _a2451821
040 _aANL
_beng
_cANL
_dBD-RjUL
041 _aeng
082 _a823.8
_bELF
100 1 _aEliot, George.,
_d1819-1880.
_960512
245 1 0 _aFelix Holt, the radical /
_c George Eliot.
260 _aNew York :
_bHarper,
_c1909 [reprinted 1966, 1967]
300 _a444 p. :
_bill. ;
_c19 cm.
650 _aEnglish literature
_960513
942 _2ddc
_cBK
999 _c19695
_d19695